000 01029cam a2200313 a 4500
001 16628323
005 20141110101451.0
008 110128s2012 maua 001 0 eng
010 _a 2011003017
020 _a9780132560894 (hbk. : alk. paper)
020 _a0132560895 (hbk. : alk. paper)
040 _aDLC
_cDLC
_dDLC
042 _apcc
050 0 0 _aTX 911.3.M27
_b.H3879 2012
082 0 0 _a647.94/068
100 1 _aHayes, David K.
245 1 0 _aFoundations of lodging management /
_cDavid K. Hayes, Jack D. Ninemeier, Allisha A. Miller.
250 _a2nd ed.
260 _aBoston :
_bPrentice Hall,
_cc2012.
300 _axxii, 406 pages :
_billustrations ;
_c29 cm.
500 _aIncludes index.
521 _aTourism
650 0 _aHospitality industry
_xManagement.
700 1 _aNinemeier, Jack D.
700 1 _aMiller, Allisha.
906 _a7
_bcbc
_corignew
_d1
_eecip
_f20
_gy-gencatlg
942 _2lcc
_cBK
_kFOR
999 _c276745
_d276745